The constitutionality and rationality of the secular imperative (Record no. 524988)

000 -LEADER
fixed length control field 00825nam a22001337a 4500
008 - FIXED-LENGTH DATA ELEMENTS--GENERAL INFORMATION
fixed length control field 240205b ||||| |||| 00| 0 eng d
100 ## - MAIN ENTRY--PERSONAL NAME
Personal name Govind, Rahul
245 ## - TITLE STATEMENT
Title The constitutionality and rationality of the secular imperative
260 ## - PUBLICATION, DISTRIBUTION, ETC. (IMPRINT)
Place of publication, distribution, etc Social Scientist
300 ## - PHYSICAL DESCRIPTION
Extent 519(9-10), Sep-Oct, 2023: p.3-36
520 ## - SUMMARY, ETC.
Summary, etc There is perhaps no more urgent and fraught issue in India today than the question of the relationship between the democratic State, secularism and religion. According to a widely held view, either secularism as a conceptnorm is inapplicable in India because of its origins outside of India, or any vaunted value of secularism that might exist has already been anticipated in Indian history outside of any external influence. – Reproduced
773 ## - HOST ITEM ENTRY
Main entry heading Social Scientist
942 ## - ADDED ENTRY ELEMENTS (KOHA)
Item type Articles
Holdings
Withdrawn status Lost status Source of classification or shelving scheme Damaged status Not for loan Permanent location Current location Date acquired Serial Enumeration / chronology Barcode Date last seen Koha item type
          Indian Institute of Public Administration Indian Institute of Public Administration 2024-02-05 519(9-10), Sep-Oct, 2023: p.3-36 AR130821 2024-02-05 Articles

Powered by Koha